01717nam a22001817a 450000500170000000800410001704000290005804100080008708200150009510000300011024502340014026000690037430000300044350003540047350506470082750600210147465000400149520150612133747.0150612s1928 ||||fr|||| 000 0 spa d cSandra YazodSandra Yazo0 aspa 220a711.071 aKelsey, Albertd1870-195010aPrograma y reglamento del concurso para la selección de un arquitecto para el Faro Monumental bQue las naciones del mundo erigirán en la República Dominicana a la memoria de Cristóbal ColóncPreparado por Albert Kelsey a[Lugar desconocido]bPublicado por la Unión Panamericanac1928 a72 páginasc34 x 25 cm. aDetalles físicos: Encuadernación flexible en cartulina. Tapa delantera con adornos en dorado. Guardas. Portada impresa en dos tintas. Texto impreso en una columna. Letras capitales. Algunas ilustraciones entre el texto. Un plano en hoja plegada. Texto en una y dos columnas. Ejemplar en buen estado de conservación. Tapas con roturas en bordes1 aLibro I: Historia del proyecto ; Programa del concurso preliminar ; Reglas que gobernaran las dos etapas del concurso -- Libro II: Impresiones y observaciones de un arquitecto después de haber visitado la República Dominicana: Primeras impresiones desde tres punto de vista diferentes ; El eslabón intermedio de la carretera aérea internacional ; Algunos elementos menos obvios pero más permanentes del problema ; Las condiciones atmosféricas ; La turba del mercado ; Ruinas eclesiásticas y señoriales del virreinato ; La plaza de Colón ; Ceremonia imponente y bella en la que el presidente es una de las principales figuras aConsulta en sala 7aMonumentos zRepública Dominicana